[Event "Cuenca Cafe Austria op 08"]
[Site "Cuenca"]
[Date "2024.08.11"]
[Round "4"]
[White "Nugra Loja, Eric"]
[Black "Murillo Alcivar, Alex Giovanni"]
[Result "1-0"]
[WhiteElo "1610"]
[BlackElo "1979"]
[PlyCount "131"]
[EventDate "2024.08.10"]
[EventType "swiss"]
[EventRounds "5"]
[EventCountry "ECU"]
[SourceTitle "CBM 221 Extra"]
[Source "ChessBase"]
[SourceDate "2024.09.30"]
[SourceVersion "1"]
[SourceVersionDate "2024.09.30"]
[SourceQuality "1"]

1. d4 d5 2. c4 e6 3. Nf3 Nf6 4. g3 Be7 5. Bg2 0-0 6. 0-0 c6 7. Nbd2 Nbd7 8. cxd5 exd5 9. b3 Re8 10. Bb2 Nf8 11. Qc2 Bg4 12. Rfe1 Bh5 13. a3 Bg6 14. Qd1 h6 15. b4 Ne4 16. Ne5 Nxd2 17. Qxd2 Bh7 18. Nd3 Nd7 19. b5 Nb6 20. bxc6 Nc4 21. Qc3 bxc6 22. Ne5 Nxe5 23. dxe5 Rb8 24. e4 Qb6 25. Re2 dxe4 26. Bc1 Qb5 27. Qe1 Qxe5 28. Bf4 Qf6 29. Bxb8 Rxb8 30. Bxe4 Bc5 31. Bxh7+ Kxh7 32. Rb1 Rd8 33. Rd1 Rb8 34. Qd2 g6 35. Qa2 Bd4 36. Kg2 c5 37. Qd5 Rb6 38. Rd3 Qc6 39. Qxc6 Rxc6 40. Re7 Kg7 41. Rxa7 g5 42. a4 Kf6 43. Kf3 Ke5 44. Rxf7 c4 45. Rd2 c3 46. Rc2 Kd5 47. Re7 Rf6+ 48. Kg2 Kc4 49. Ree2 Rb6 50. Kf3 h5 51. h4 gxh4 52. gxh4 Ra6 53. Ra2 Kd3 54. Kf4 Ra5 55. Kg3 Be5+ 56. f4 Bd4 57. Kf3 Bf6 58. Kg3 Bd4 59. Rg2 Be3 60. Rge2 Bd2 61. Re5 Rxe5 62. fxe5 c2 63. Rxc2 Kxc2 64. e6 Be1+ 65. Kh3 Bb4 66. a5 1-0